[Event "LLHH 2324 SC Königsspringer II - SC Dio"]
[Site "?"]
[Date "2024.04.07"]
[Round "7.4"]
[White "Chin, Karin"]
[Black "Laqua, Christian"]
[Result "0-1"]
[WhiteElo "2050"]
[BlackElo "2017"]
[PlyCount "84"]
[EventDate "2024.??.??"]

1. e4 Nf6 2. e5 Nd5 3. c4 Nb6 4. c5 Nd5 5. Nc3 e6 6. d4 b6 7. Nxd5 exd5 8. cxb6 Bb4+ 9. Bd2 Bxd2+ 10. Qxd2 axb6 11. Bd3 Ba6 12. Bc2 Nc6 13. f4 Qe7 14. a3 Na5 15. b3 Nc6 16. Nf3 Bb5 17. a4 Qb4 18. Rd1 Ba6 19. Kf2 Qxd2+ 20. Rxd2 Nb4 21. Bb1 b5 22. axb5 Bxb5 23. Rc1 c6 24. Ne1 Ra1 25. Ke3 Ke7 26. Nc2 Nxc2+ 27. Rdxc2 Rha8 28. Kd2 R1a3 29. Rc3 Rb8 30. h3 Ba6 31. Bxh7 Rb4 32. Ke3 Rbxb3 33. Kd2 Rxc3 34. Rxc3 Rxc3 35. Kxc3 Bf1 36. g3 g6 37. f5 Bxh3 38. fxg6 Bf5 39. g4 Be4 40. Kd2 fxg6 41. Bg8 Bf3 42. g5 Bg4 0-1

[Event "LLHH 2324 SC Königsspringer II - SC Dio"]
[Site "?"]
[Date "2024.04.07"]
[Round "7.5"]
[White "Neumann, Michael"]
[Black "Lohse, Marc"]
[Result "1-0"]
[WhiteElo "2095"]
[BlackElo "1944"]
[PlyCount "53"]
[EventDate "2024.??.??"]

1. e4 c5 2. Nf3 d6 3. d4 cxd4 4. Nxd4 Nf6 5. Nc3 a6 6. Be3 e5 7. Nb3 Be7 8. h3 Be6 9. Qf3 Nc6 10. O-O-O Qc7 11. g4 h6 12. Kb1 Rc8 13. Rg1 g5 14. Rd2 Nd7 15. Nd5 Bxd5 16. exd5 Na5 17. Nxa5 Qxa5 18. Qd1 Bd8 19. Bd3 Bb6 20. Bf5 Rc7 21. Bxd7+ Kxd7 22. Rg3 Rhc8 23. Rf3 Ke7 24. h4 gxh4 25. Bxh6 Bd4 26. Rxd4 exd4 27. Qe2+ 1-0

[Event "LLHH 2324 SC Königsspringer II - SC Dio"]
[Site "?"]
[Date "2024.04.07"]
[Round "7.6"]
[White "Schroeter, Baldur"]
[Black "Buchholz, Robert"]
[Result "0-1"]
[WhiteElo "1996"]
[BlackElo "1972"]
[PlyCount "120"]
[EventDate "2024.??.??"]

1. e4 d5 2. exd5 Nf6 3. d4 Nxd5 4. c4 Nb6 5. Nf3 Bg4 6. Nc3 e5 7. dxe5 Qxd1+ 8. Nxd1 Nc6 9. Bf4 O-O-O 10. Be2 Bb4+ 11. Kf1 Rhe8 12. Ne3 Bxf3 13. gxf3 Nxe5 14. a3 Bf8 15. Bg3 g6 16. b4 Nc6 17. c5 Nd5 18. Nxd5 Rxd5 19. Bc4 Rd7 20. Kg2 f6 21. Rhe1 Rde7 22. Rxe7 Rxe7 23. Bd5 Ne5 24. f4 Nf7 25. c6 bxc6 26. Bxc6 Nd6 27. f3 a6 28. Bf2 Re2 29. Kf1 Rc2 30. Bd5 c6 31. Bb3 Rb2 32. Be6+ Kc7 33. Rc1 Nb7 34. f5 Bd6 35. h3 Nd8 36. fxg6 hxg6 37. Bc4 a5 38. bxa5 c5 39. Bd5 Rb5 40. Be1 Nc6 41. a4 Rb8 42. Bf2 Nxa5 43. Bxc5 Kd7 44. Bf2 Rb4 45. Ra1 Nc6 46. a5 Rb5 47. Bxc6+ Kxc6 48. a6 Rb8 49. a7 Ra8 50. Ra5 g5 51. Ke2 Kb7 52. Kd3 Bc7 53. Ra2 Re8 54. Ra4 Ka8 55. Ra6 Be5 56. Ke4 Bg3+ 57. Kf5 Bxf2 58. Kxf6 Be3 59. Re6 Rf8+ 60. Kg7 Rxf3 0-1

[Event "LLHH 2324 SC Königsspringer II - SC Dio"]
[Site "?"]
[Date "2024.04.07"]
[Round "7.7"]
[White "Luethje, Max"]
[Black "Knops, Peter"]
[Result "0-1"]
[WhiteElo "1765"]
[BlackElo "1952"]
[PlyCount "106"]
[EventDate "2024.??.??"]

1. e4 e6 2. d4 d5 3. Nd2 Nf6 4. e5 Nfd7 5. Ngf3 c5 6. c3 Nc6 7. Nb3 Be7 8. Be3 c4 9. Nbd2 b5 10. a3 a5 11. b4 Nb6 12. Be2 Na4 13. Qc1 Bd7 14. O-O Qc7 15. Nb1 Nb6 16. Nbd2 Ra7 17. Ne1 O-O 18. f4 axb4 19. axb4 Rxa1 20. Qxa1 Ra8 21. Qb2 Qa7 22. Nef3 Qa2 23. Qxa2 Rxa2 24. Rc1 Na4 25. Kf2 Nxc3 26. Rxc3 Bxb4 27. Rc1 Ba3 28. Rb1 b4 29. Ke1 c3 30. Nb3 c2 31. Ra1 Rxa1+ 32. Nxa1 c1=Q+ 33. Bxc1 Bxc1 34. g3 Na5 35. Nd2 Bb2 36. Nab3 Nxb3 37. Nxb3 Bc3+ 38. Kd1 Ba4 39. Kc2 Bxd4 40. Bb5 Bxb3+ 41. Kxb3 Bg1 42. h3 Bh2 43. g4 Bxf4 44. Kxb4 Bxe5 45. Bd3 g6 46. Be2 Bd4 47. Kb3 Kg7 48. Kc2 Kf6 49. Kd3 Bc5 50. Bf3 Kg5 51. Ke2 Kh4 52. Bg2 Kg3 53. Bf1 g5 0-1

[Event "LLHH 2324 Hamburger SK V - SK Marmstorf"]
[Site "?"]
[Date "2024.04.07"]
[Round "7.1"]
[White "Carlstedt, Jonathan"]
[Black "Engel, Robert"]
[Result "1/2-1/2"]
[WhiteElo "2427"]
[BlackElo "2061"]
[PlyCount "162"]
[EventDate "2024.??.??"]

1. d4 Nf6 2. c4 e6 3. Nf3 d5 4. Nc3 Bb4 5. Qa4+ Nc6 6. e3 O-O 7. Qc2 Re8 8. Bd2 Bf8 9. a3 e5 10. dxe5 Nxe5 11. cxd5 Nxf3+ 12. gxf3 Nxd5 13. O-O-O Nb6 14. h4 h6 15. Ne4 Bf5 16. Bc3 Bxe4 17. fxe4 Qe7 18. f3 Rad8 19. Rd4 Qe6 20. Bh3 Qa2 21. Rhd1 Rxd4 22. exd4 Nc4 23. Rd3 Be7 24. Be1 Rd8 25. Bf1 c5 26. dxc5 Qa1+ 27. Qb1 Qxb1+ 28. Kxb1 Rxd3 29. Bxd3 Ne5 30. Be2 Bxc5 31. h5 Nc6 32. b4 Be3 33. Kc2 Kf8 34. a4 Ke7 35. b5 Nd4+ 36. Kd3 Bg1 37. Bd1 Ne6 38. Bg3 Kf6 39. Bd6 Kg5 40. a5 Nf4+ 41. Kd2 Ne6 42. Bb3 Bc5 43. f4+ Kxh5 44. Bxc5 Nxc5 45. Bxf7+ Kg4 46. Ke3 b6 47. a6 h5 48. e5 Kf5 49. Ba2 g5 50. Bb1+ Ke6 51. fxg5 Kxe5 52. Kf3 Ne6 53. g6 Kf6 54. Ke4 Nc7 55. Bd3 h4 56. Kf4 Ne6+ 57. Kg4 h3 58. Kg3 h2 59. Kxh2 Nf4 60. Be4 Nxg6 61. Kg3 Ne7 62. Kf4 Ke6 63. Ke3 Ke5 64. Kd3 Nd5 65. Bf3 Nf4+ 66. Kc4 Ne6 67. Bg4 Nd4 68. Bd7 Nc2 69. Kc3 Ne3 70. Kd3 Nd5 71. Kc4 Ne7 72. Bh3 Nd5 73. Bd7 Nf6 74. Bc6 Ne4 75. Kd3 Nd6 76. Kc3 Nf5 77. Kc4 Ne7 78. Bb7 Nf5 79. Bc6 Nd6+ 80. Kc3 Ne4+ 81. Kd3 Nd6 1/2-1/2

[Event "LLHH 2324 Hamburger SK V - SK Marmstorf"]
[Site "?"]
[Date "2024.04.07"]
[Round "7.2"]
[White "Fuhrmann, Bahne"]
[Black "Kuberczyk, Christoph"]
[Result "1-0"]
[WhiteElo "2083"]
[BlackElo "2287"]
[PlyCount "68"]
[EventDate "2024.??.??"]

1. d4 Nf6 2. c4 e6 3. g3 Bb4+ 4. Nd2 O-O 5. Bg2 d5 6. Ngf3 b6 7. O-O Bb7 8. cxd5 exd5 9. a3 Bd6 10. b4 Nbd7 11. Bb2 Qe7 12. Qb3 a6 13. e3 Rfe8 14. Ne1 h5 15. Ndf3 Ne4 16. Nd3 h4 17. Rfc1 hxg3 18. hxg3 Nxg3 19. fxg3 Qxe3+ 20. Kf1 Qe2+ 21. Kg1 Qe3+ 22. Kf1 Bxg3 23. Rc2 Re6 24. Bc1 Qe4 25. Raa2 Rae8 26. Re2 Qf5 27. Nf2 Bxf2 28. Rxf2 Qg4 29. Qd3 Qg3 30. Rae2 Qd6 31. Ng5 Nf6 32. Nxe6 fxe6 33. Rxf6 Bc6 34. Qg6 Bb5 1-0

[Event "LLHH 2324 Hamburger SK V - SK Marmstorf"]
[Site "?"]
[Date "2024.04.07"]
[Round "7.3"]
[White "Hawellek, Jeronimo"]
[Black "Huo, Da"]
[Result "0-1"]
[WhiteElo "2303"]
[BlackElo "2053"]
[PlyCount "54"]
[EventDate "2024.??.??"]

1. d4 Nf6 2. c4 e6 3. Nc3 d5 4. cxd5 Nxd5 5. e4 Nxc3 6. bxc3 Be7 7. Nf3 O-O 8. Bd3 c5 9. h4 cxd4 10. cxd4 Qa5+ 11. Kf1 b6 12. Bd2 Qa3 13. Bc2 Nc6 14. e5 Ba6+ 15. Kg1 Bd3 16. Bc1 Bxc2 17. Qxc2 Nb4 18. Qc7 Qd3 19. Qxe7 Nc2 20. Rb1 Nxd4 21. Rb4 Nc6 22. Qd6 Qxd6 23. exd6 Nxb4 24. Kh2 Rfd8 25. Rd1 Nd5 26. Ba3 Nc3 27. Rd2 Nb1 0-1

[Event "LLHH 2324 Hamburger SK V - SK Marmstorf"]
[Site "?"]
[Date "2024.04.07"]
[Round "7.4"]
[White "Foo, Tzun Hong"]
[Black "Ramme, Christoph"]
[Result "0-1"]
[WhiteElo "1987"]
[BlackElo "2117"]
[PlyCount "52"]
[EventDate "2024.??.??"]

1. e4 c5 2. Nf3 d6 3. d4 cxd4 4. Nxd4 Nf6 5. Nc3 a6 6. Be2 e5 7. Nb3 Be7 8. O-O O-O 9. Be3 Be6 10. f3 b5 11. Qd2 Nbd7 12. Rfd1 Qc7 13. Rac1 Nb6 14. Qe1 d5 15. exd5 Nbxd5 16. Nxd5 Nxd5 17. Bf2 b4 18. Bd3 a5 19. Be4 Rad8 20. c3 bxc3 21. Bxd5 Bxd5 22. Rxc3 Qb8 23. Re3 a4 24. Qa5 axb3 25. Rxd5 Bb4 26. Rxd8 Rxd8 0-1

[Event "LLHH 2324 Hamburger SK V - SK Marmstorf"]
[Site "?"]
[Date "2024.04.07"]
[Round "7.5"]
[White "Hohlbein, Michael"]
[Black "Goldmann, David"]
[Result "1-0"]
[WhiteElo "1976"]
[BlackElo "1883"]
[PlyCount "57"]
[EventDate "2024.??.??"]

1. e4 c5 2. Nc3 Nc6 3. g3 g6 4. Bg2 Bg7 5. d3 a6 6. Be3 d6 7. f4 Nf6 8. Nf3 b5 9. h3 Rb8 10. O-O Bb7 11. Ne2 O-O 12. g4 d5 13. e5 Nd7 14. e6 fxe6 15. Ng5 Rf6 16. f5 d4 17. Nxe6 Qe8 18. Bg5 Rf7 19. Nxg7 Kxg7 20. Nf4 Nd8 21. Bxb7 Rxb7 22. Qf3 Ra7 23. fxg6 hxg6 24. Qe4 Nf8 25. Qe5+ Kh7 26. Nd5 Rxf1+ 27. Rxf1 Nf7 28. Qe1 Ne6 29. Bxe7 1-0

[Event "LLHH 2324 Hamburger SK V - SK Marmstorf"]
[Site "?"]
[Date "2024.04.07"]
[Round "7.6"]
[White "Klaas, Heiko"]
[Black "Bach, Matthias"]
[Result "1/2-1/2"]
[WhiteElo "1933"]
[BlackElo "2208"]
[PlyCount "100"]
[EventDate "2024.??.??"]

1. e4 c5 2. Nc3 Nc6 3. Nf3 Nf6 4. d4 d5 5. exd5 Nxd5 6. dxc5 Nxc3 7. Qxd8+ Kxd8 8. bxc3 f6 9. Nd4 e5 10. Nxc6+ bxc6 11. Be3 Be7 12. Bc4 Bf5 13. O-O-O+ Kc7 14. Rd2 Rad8 15. Rhd1 Rxd2 16. Rxd2 Rd8 17. f3 Rxd2 18. Kxd2 h5 19. Bb3 Kd7 20. h3 h4 21. Ke2 g5 22. Kd2 Bd8 23. Ke2 Bc7 24. Bf2 Ba5 25. Be1 Bg6 26. Bd2 e4 27. Ke3 Bc7 28. Ke2 Bh5 29. Bc4 Be5 30. Kf2 Bg3+ 31. Ke2 Bg6 32. Bb3 Be5 33. Be1 Bh5 34. Bc4 Ke7 35. a4 exf3+ 36. gxf3 Bf7 37. Bxf7 Kxf7 38. Kd3 Bg3 39. Bd2 Bf2 40. Ke4 Bxc5 41. Kf5 a6 42. f4 gxf4 43. Bxf4 Bf2 44. Bc7 Be1 45. c4 Bd2 46. Bb6 Bg5 47. Bf2 Kg7 48. Be1 Kf7 49. Bb4 Be3 50. Bd6 Bg5 1/2-1/2

[Event "LLHH 2324 Hamburger SK V - SK Marmstorf"]
[Site "?"]
[Date "2024.04.07"]
[Round "7.7"]
[White "Diekmann, Jens"]
[Black "Kort, Felix"]
[Result "0-1"]
[WhiteElo "2037"]
[BlackElo "1979"]
[PlyCount "56"]
[EventDate "2024.??.??"]

1. c4 e5 2. Nc3 Nf6 3. g3 c6 4. Nf3 e4 5. Nd4 d5 6. cxd5 cxd5 7. Bg2 Nc6 8. Nc2 Bf5 9. d3 exd3 10. exd3 Qe7+ 11. Kf1 O-O-O 12. Bg5 h6 13. Bxf6 Qxf6 14. Ne3 Bc5 15. Nxf5 Qxf5 16. Qf3 Qxf3 17. Bxf3 Ne5 18. Be2 Kb8 19. Rc1 f5 20. h3 g5 21. Kg2 f4 22. Rcd1 f3+ 23. Bxf3 Nxf3 24. Kxf3 Rdf8+ 25. Kg4 h5+ 26. Kxg5 Be7+ 27. Kg6 Rhg8+ 28. Kh7 Bf6 0-1

[Event "LLHH 2324 Hamburger SK V - SK Marmstorf"]
[Site "?"]
[Date "2024.04.07"]
[Round "7.8"]
[White "Lu, Yunong Elias"]
[Black "Koenig, Friedrich Theodor"]
[Result "0-1"]
[WhiteElo "1969"]
[BlackElo "1968"]
[PlyCount "152"]
[EventDate "2024.??.??"]

1. e4 c5 2. Nf3 e6 3. g3 Nc6 4. Bg2 Nf6 5. Qe2 e5 6. O-O Be7 7. c3 d6 8. h3 O-O 9. Rd1 Qc7 10. Na3 a6 11. Nc2 Re8 12. d3 h6 13. Ne3 Be6 14. Nh4 Bf8 15. Nhf5 g6 16. Nh4 Bg7 17. f4 exf4 18. gxf4 Bd7 19. Qf2 b5 20. a4 b4 21. f5 g5 22. Nf3 Na5 23. Nd2 Bc6 24. Kh1 Rad8 25. cxb4 cxb4 26. Ng4 d5 27. Nxf6+ Bxf6 28. exd5 Bxd5 29. Bxd5 Rxd5 30. Qf3 Qc2 31. Nf1 Rd7 32. Ne3 Rxd3 33. Nxc2 Rxf3 34. Nxb4 Re2 35. Ra3 Rff2 36. Re3 Rh2+ 37. Kg1 Rhg2+ 38. Kh1 Rh2+ 39. Kg1 Reg2+ 40. Kf1 Rf2+ 41. Kg1 Rfg2+ 42. Kf1 Nc4 43. Re8+ Kg7 44. Nc6 Nxb2 45. Bxb2 Rxb2 46. Kg1 Rbg2+ 47. Kf1 Rc2 48. Kg1 Rcg2+ 49. Kf1 Ra2 50. Kg1 Rxh3 51. Re4 Rg3+ 52. Kh1 Rf3 53. Nb8 Rxf5 54. Nxa6 Ra5 55. Nc7 R5xa4 56. Ne8+ Kg6 57. Nxf6 Kxf6 58. Rf1+ Kg6 59. Re7 Ra1 60. Rexf7 Rxf1+ 61. Rxf1 Ra2 62. Rb1 g4 63. Kg1 Kg5 64. Rb5+ Kh4 65. Rb3 h5 66. Rc3 g3 67. Rb3 Kh3 68. Rb1 h4 69. Rc1 Ra4 70. Rb1 Kg4 71. Kh1 h3 72. Rc1 Kf4 73. Kg1 Ke4 74. Rb1 Rc4 75. Rf1 Ke3 76. Ra1 Kd2 0-1

[Event "LLHH 2324 SK Union Eimsbüttel - SK Joha"]
[Site "?"]
[Date "2024.04.07"]
[Round "7.1"]
[White "Wenzel, Birger"]
[Black "Schultz, Andreas"]
[Result "1-0"]
[WhiteElo "2026"]
[BlackElo "2162"]
[PlyCount "61"]
[EventDate "2024.??.??"]

1. e4 e6 2. d4 d5 3. Nd2 c5 4. Ngf3 cxd4 5. Nxd4 Nc6 6. Bb5 Bd7 7. Nxc6 bxc6 8. Bd3 Bd6 9. Qe2 Qc7 10. Nf3 Ne7 11. e5 Bc5 12. O-O a5 13. Re1 Qa7 14. c4 h6 15. h4 Bc8 16. h5 dxc4 17. Bxc4 Nf5 18. Bf4 O-O 19. Rac1 Rd8 20. g4 Nd4 21. Nxd4 Rxd4 22. g5 hxg5 23. Bxg5 Rd7 24. Bh4 Qb8 25. h6 g6 26. h7+ Kxh7 27. Bf6 Kg8 28. Qe4 Qxb2 29. Rc2 Qb4 30. Qh4 Qxe1+ 31. Kg2 1-0

[Event "LLHH 2324 SK Union Eimsbüttel - SK Joha"]
[Site "?"]
[Date "2024.04.07"]
[Round "7.2"]
[White "Voigt, Gerrit"]
[Black "Johannsen, Dennis"]
[Result "1-0"]
[WhiteElo "2183"]
[BlackElo "2048"]
[PlyCount "125"]
[EventDate "2024.??.??"]

1. e4 c6 2. d4 d5 3. Nd2 dxe4 4. Nxe4 Bf5 5. Ng3 Bg6 6. h4 h6 7. Nf3 Nd7 8. h5 Bh7 9. Bd3 Bxd3 10. Qxd3 Qc7 11. Bd2 Ngf6 12. O-O-O e6 13. Ne4 Nxe4 14. Qxe4 Nf6 15. Qe2 Bd6 16. Kb1 O-O-O 17. c4 c5 18. Bc3 cxd4 19. Nxd4 a6 20. Rc1 Kb8 21. Nb3 Bf4 22. Rc2 Qb6 23. f3 Ka8 24. Na5 Qd6 25. c5 Qd3 26. c6 bxc6 27. Nxc6 Qxe2 28. Rxe2 Rd5 29. Ne5 Bxe5 30. Rxe5 Rg8 31. Kc2 Kb7 32. g4 Kc6 33. a3 Kd6 34. Rhe1 Rc8 35. Rxd5+ Nxd5 36. Re4 Nxc3 37. bxc3 g6 38. Rf4 gxh5 39. gxh5 Ke7 40. Ra4 Rc6 41. Kd3 e5 42. Ra5 Ke6 43. c4 f6 44. Rd5 Rd6 45. Rxd6+ Kxd6 46. f4 Ke6 47. fxe5 Kxe5 48. Ke3 a5 49. a4 Kd6 50. Ke4 Kc5 51. Kf5 Kxc4 52. Kxf6 Kb4 53. Kg6 Kxa4 54. Kxh6 Kb3 55. Kg5 a4 56. h6 a3 57. h7 Kb2 58. h8=Q+ Kb1 59. Qb8+ Ka1 60. Qe5+ Kb1 61. Qb5+ Ka1 62. Qc5 a2 63. Qc1# 1-0

[Event "LLHH 2324 SK Union Eimsbüttel - SK Joha"]
[Site "?"]
[Date "2024.04.07"]
[Round "7.3"]
[White "Keyser, Philipp"]
[Black "Franke, Lutz"]
[Result "1-0"]
[WhiteElo "2039"]
[BlackElo "2111"]
[PlyCount "65"]
[EventDate "2024.??.??"]

1. e4 e6 2. d4 d5 3. Nd2 Be7 4. Ngf3 Nf6 5. e5 Nfd7 6. Bd3 b6 7. O-O Ba6 8. c4 c5 9. Re1 Nc6 10. cxd5 Bxd3 11. dxc6 Nb8 12. Qb3 Bg6 13. dxc5 Bxc5 14. Ne4 Bxe4 15. Rxe4 Nxc6 16. Bg5 Qd5 17. Qc2 Qd7 18. Rd1 Qb7 19. a3 h6 20. Bc1 a5 21. h4 Rc8 22. h5 Be7 23. Qe2 Rd8 24. Rxd8+ Bxd8 25. Rg4 Kf8 26. b4 axb4 27. axb4 Ne7 28. b5 Nd5 29. Nd4 Be7 30. Qf3 Qd7 31. Nc6 Nc7 32. Nxe7 Qxe7 33. Ba3 1-0

[Event "LLHH 2324 SK Union Eimsbüttel - SK Joha"]
[Site "?"]
[Date "2024.04.07"]
[Round "7.4"]
[White "Foerster, Andreas"]
[Black "Zobel, Andrej"]
[Result "1-0"]
[WhiteElo "2169"]
[BlackElo "2105"]
[PlyCount "75"]
[EventDate "2024.??.??"]

1. d4 d5 2. Nf3 Nf6 3. c4 dxc4 4. Qa4+ Nbd7 5. g3 e6 6. Bg2 Be7 7. O-O O-O 8. Qxc4 c5 9. Rd1 a6 10. Qc2 Qb6 11. a4 cxd4 12. Nxd4 Bc5 13. a5 Qa7 14. e3 Ne5 15. Nc3 Bd7 16. Na4 Bxd4 17. exd4 Nc6 18. Nb6 Rad8 19. Bg5 Be8 20. Qc5 Nd7 21. Qd6 f6 22. Nxd7 Bxd7 23. Be3 Bc8 24. Qf4 Qb8 25. Qxb8 Nxb8 26. d5 e5 27. Bb6 Rde8 28. d6 Nd7 29. Ba7 e4 30. Rac1 f5 31. Rc7 Rd8 32. f3 Nf6 33. fxe4 fxe4 34. h3 Rd7 35. Rdc1 Rxc7 36. dxc7 Rf7 37. Bf1 Rd7 38. Bc4+ 1-0

[Event "LLHH 2324 SK Union Eimsbüttel - SK Joh"]
[Site "?"]
[Date "2024.04.07"]
[Round "7.5"]
[White "Dumjahn, Carsten"]
[Black "Stelting, Thorsten"]
[Result "1-0"]
[WhiteElo "1993"]
[BlackElo "2146"]
[PlyCount "91"]
[EventDate "2024.??.??"]

1. d4 Nf6 2. Nf3 e6 3. Bg5 h6 4. Bh4 c5 5. c3 Qb6 6. Qb3 Qxb3 7. axb3 Nc6 8. Na3 g5 9. Bg3 Ne4 10. Nb5 Nxg3 11. hxg3 g4 12. Nh2 Kd8 13. dxc5 Rg8 14. b4 Rg5 15. e3 d5 16. Be2 f5 17. Nf1 Bd7 18. Nd2 Be8 19. Nb3 h5 20. O-O Rg7 21. N3d4 Bd7 22. Nxc6+ bxc6 23. Nxa7 Be8 24. Nxc6+ Bxc6 25. b5 Rxa1 26. Rxa1 Bxc5 27. bxc6 Kc7 28. b4 Bb6 29. b5 h4 30. gxh4 g3 31. fxg3 Rxg3 32. Bf3 f4 33. Kf1 Bxe3 34. Ra8 Rg7 35. Re8 Kd6 36. h5 Ra7 37. h6 Rh7 38. Rd8+ Kc5 39. Rd7 Rxh6 40. c7 Kc4 41. c8=Q+ Kd3 42. g3 Rh2 43. Bxd5 Rf2+ 44. Ke1 Re2+ 45. Kd1 Rd2+ 46. Kc1 1-0

[Event "LLHH 2324 SK Union Eimsbüttel - SK Joha"]
[Site "?"]
[Date "2024.04.07"]
[Round "7.6"]
[White "Kayser, Stefan"]
[Black "Spaet, Alexander"]
[Result "0-1"]
[WhiteElo "2111"]
[BlackElo "1993"]
[PlyCount "55"]
[EventDate "2024.??.??"]

1. d4 Nf6 2. Nf3 e6 3. g3 d5 4. Bg2 Be7 5. O-O O-O 6. c4 dxc4 7. Ne5 Nc6 8. Nxc6 bxc6 9. Bxc6 Rb8 10. Nc3 Bb7 11. Bxb7 Rxb7 12. e4 c5 13. d5 Rd7 14. Qe2 exd5 15. exd5 Nxd5 16. Qxc4 Nb4 17. Be3 Nd3 18. b3 Qa8 19. Ne4 Ne5 20. Qc2 f5 21. f4 Ng4 22. Bxc5 fxe4 23. Rad1 Rxd1 24. Rxd1 Bxc5+ 25. Qxc5 Rd8 26. Qc4+ Kh8 27. Rxd8+ Qxd8 28. Qxe4 0-1

[Event "LLHH 2324 SK Union Eimsbüttel - SK Joh"]
[Site "?"]
[Date "2024.04.07"]
[Round "7.7"]
[White "Markovic, Daniel"]
[Black "Adloff, Ralf"]
[Result "0-1"]
[WhiteElo "1975"]
[BlackElo "2079"]
[PlyCount "88"]
[EventDate "2024.??.??"]

1. e4 c6 2. d4 d5 3. exd5 cxd5 4. c4 Nf6 5. Nc3 Nc6 6. Bg5 dxc4 7. d5 Ne5 8. Qd4 h6 9. Qxe5 hxg5 10. Bxc4 g4 11. Nge2 Rh5 12. Qd4 e5 13. dxe6 Bxe6 14. Bxe6 Qxd4 15. Nxd4 Re5+ 16. Kf1 fxe6 17. g3 O-O-O 18. Nb3 Bb4 19. Rc1 Kb8 20. Nd1 Nd5 21. a3 Be7 22. Kg2 Re2 23. Nd4 Re4 24. Nc2 Bg5 25. Rb1 Rc8 26. Ne1 Rd4 27. f4 Rd2+ 28. Kf1 Bf6 29. h3 Rh8 30. h4 e5 31. Ng2 exf4 32. gxf4 g5 33. Nde3 gxh4 34. Nxg4 h3 35. N2e3 Nxe3+ 36. Nxe3 Bd4 37. Ng4 Rh4 38. Ke1 Rg2 39. Ne5 Rxf4 40. Nd3 Rf3 41. Rd1 h2 42. Nc1 Re3+ 43. Kf1 Rg1+ 44. Kf2 Rd3+ 0-1

[Event "LLHH 2324 SK Union Eimsbüttel - SK Joh"]
[Site "?"]
[Date "2024.04.07"]
[Round "7.8"]
[White "Winter, Markus"]
[Black "Wehrstedt, Raphael"]
[Result "1/2-1/2"]
[WhiteElo "2006"]
[BlackElo "1856"]
[PlyCount "106"]
[EventDate "2024.??.??"]

1. d4 Nf6 2. Bf4 c5 3. e3 d5 4. c3 Nc6 5. Nd2 Bf5 6. Ngf3 e6 7. Nh4 Bg4 8. Qb3 Qc8 9. h3 Bh5 10. g4 Bg6 11. Nxg6 hxg6 12. Bg2 cxd4 13. exd4 Be7 14. a4 Qd7 15. Nf3 Bd6 16. Bxd6 Qxd6 17. O-O O-O 18. Rfe1 Ne4 19. Qb5 f5 20. g5 a6 21. Qe2 Qf4 22. Qe3 Qd6 23. h4 Rae8 24. b4 f4 25. Qd3 Qd7 26. b5 axb5 27. axb5 Ne7 28. Ne5 Qc7 29. b6 Qd6 30. c4 f3 31. c5 Qd8 32. Bxf3 Rf4 33. Bxe4 dxe4 34. Rxe4 Ref8 35. Rxf4 Rxf4 36. Nxg6 Nxg6 37. Qxg6 Rg4+ 38. Kf1 Rxh4 39. Qxe6+ Kh8 40. Rd1 Qxg5 41. Qc8+ Kh7 42. Qxb7 Qh5 43. Rd3 Rh1+ 44. Kg2 Qh2+ 45. Kf3 Qh3+ 46. Ke2 Qf1+ 47. Ke3 Rh3+ 48. f3 Qe1+ 49. Kf4 Rh4+ 50. Kf5 Rh5+ 51. Kf4 Rh4+ 52. Kf5 Rh5+ 53. Kf4 Rh4+ 1/2-1/2

[Event "LLHH 2324 SV Großhansdorf - SK Weisse D"]
[Site "?"]
[Date "2024.04.07"]
[Round "7.1"]
[White "Popist, Florian"]
[Black "Wahls, Matthias"]
[Result "1/2-1/2"]
[WhiteElo "2195"]
[BlackElo "2529"]
[PlyCount "81"]
[EventDate "2024.??.??"]

1. e4 c5 2. c3 d5 3. exd5 Nf6 4. Qa4+ Nbd7 5. c4 b5 6. Qxb5 Rb8 7. Qa4 e6 8. Nf3 exd5 9. d3 d4 10. Be2 Bd6 11. Qc2 O-O 12. Bg5 Qa5+ 13. Bd2 Qb6 14. Bc1 Re8 15. O-O h6 16. a3 a5 17. Bd1 Bb7 18. Nbd2 Ba8 19. Rb1 Re6 20. b4 cxb4 21. axb4 Bxb4 22. Ba3 Bxf3 23. Bxf3 Nc5 24. Rb2 Qa7 25. Bxb4 Rxb4 26. Rxb4 axb4 27. Rb1 Qa3 28. h3 Qc3 29. Bd1 Re1+ 30. Kh2 Nxd3 31. Nf3 Re8 32. Rb3 Qxc2 33. Bxc2 Nxf2 34. Nxd4 Rd8 35. Rxb4 g6 36. Nf3 Rc8 37. Kg3 N2e4+ 38. Bxe4 Nxe4+ 39. Kf4 Nc5 40. Ke3 Kf8 41. Rb5 1/2-1/2

[Event "LLHH 2324 SV Großhansdorf - SK Weisse D"]
[Site "?"]
[Date "2024.04.07"]
[Round "7.2"]
[White "Paul, Anatolij"]
[Black "Lansky, Georg"]
[Result "1/2-1/2"]
[WhiteElo "2068"]
[BlackElo "2100"]
[PlyCount "83"]
[EventDate "2024.??.??"]

1. d4 Nf6 2. Nf3 g6 3. c4 Bg7 4. g3 d5 5. cxd5 Nxd5 6. e4 Nb6 7. Bg2 O-O 8. O-O Nc6 9. d5 Na5 10. Qc2 c6 11. Bd2 Nac4 12. Bc3 cxd5 13. Rd1 e6 14. Bxg7 Kxg7 15. Nc3 Qf6 16. b3 Ne5 17. Nxe5 Qxe5 18. f4 Qc7 19. Qb2 Qc5+ 20. Kh1 d4 21. Ne2 e5 22. Rac1 Qe7 23. fxe5 Bg4 24. e6 fxe6 25. Qxd4+ e5 26. Qe3 Rac8 27. Re1 Bxe2 28. Qxe2 Qg5 29. Rcd1 Rc3 30. Rd3 Rxd3 31. Qxd3 Rd8 32. Qf3 Qf6 33. Qe3 Qd6 34. Rf1 Rf8 35. Rc1 Rc8 36. Rf1 Qc5 37. Qg5 Nd7 38. Bh3 Rf8 39. Rc1 Qd4 40. Bxd7 Qxe4+ 41. Kg1 Qd4+ 42. Kh1 {(=)} 1/2-1/2

[Event "LLHH 2324 SV Großhansdorf - SK Weisse D"]
[Site "?"]
[Date "2024.04.07"]
[Round "7.3"]
[White "Mandelbaum, Peter-Rene"]
[Black "Spindel, Ulrich"]
[Result "1/2-1/2"]
[WhiteElo "2079"]
[BlackElo "2092"]
[PlyCount "105"]
[EventDate "2024.??.??"]

1. e4 e6 2. d4 d5 3. Nc3 dxe4 4. Nxe4 Nd7 5. Bd3 Ngf6 6. Qe2 Nxe4 7. Bxe4 c5 8. d5 e5 9. Nf3 Bd6 10. Bg5 Qa5+ 11. Bd2 Qb6 12. O-O-O Nf6 13. Bd3 Bg4 14. h3 Bxf3 15. Qxf3 O-O-O 16. Bg5 Bc7 17. c4 Kb8 18. Rhe1 h6 19. Bd2 Qa6 20. Kb1 e4 21. Bxe4 Qxc4 22. Bc3 Rhe8 23. b3 Qa6 24. Bd3 Qd6 25. Bc4 a6 26. a4 Qf4 27. Qxf4 Bxf4 28. Rxe8 Nxe8 29. Re1 Bd6 30. Kc2 Kc7 31. Re4 Bf8 32. Rf4 Nd6 33. Rg4 f6 34. Rf4 Re8 35. Bd3 b5 36. axb5 axb5 37. Bg6 Re7 38. Kd3 Kb6 39. Rf3 Kc7 40. Re3 Rxe3+ 41. fxe3 Nc8 42. e4 Bd6 43. Ba5+ Kb7 44. g4 Nb6 45. Bc3 Nd7 46. Be8 Kc8 47. h4 Kd8 48. Bxd7 Kxd7 49. g5 hxg5 50. hxg5 Ke7 51. gxf6+ gxf6 52. Ke3 Kf7 53. Kd3 1/2-1/2

[Event "LLHH 2324 SV Großhansdorf - SK Weisse D"]
[Site "?"]
[Date "2024.04.07"]
[Round "7.4"]
[White "Felten, Joachim"]
[Black "Schiele, Lars"]
[Result "1/2-1/2"]
[WhiteElo "2101"]
[BlackElo "2035"]
[PlyCount "49"]
[EventDate "2024.??.??"]

1. e4 e5 2. Nf3 Nc6 3. d4 exd4 4. Bc4 Bc5 5. c3 Nf6 6. e5 d5 7. Be2 Ne4 8. cxd4 Bb6 9. O-O O-O 10. h3 f6 11. exf6 Qxf6 12. Be3 Ne7 13. Nc3 c6 14. Nxe4 dxe4 15. Bc4+ Nd5 16. Ne5 Kh8 17. Bxd5 cxd5 18. f3 Be6 19. fxe4 Qxf1+ 20. Qxf1 Rxf1+ 21. Rxf1 dxe4 22. b3 Kg8 23. Nc4 Bc7 24. Bf4 Bd8 25. Re1 {(=)} 1/2-1/2

[Event "LLHH 2324 SV Großhansdorf - SK Weisse D"]
[Site "?"]
[Date "2024.04.07"]
[Round "7.5"]
[White "Kuhle, Sebastian"]
[Black "Ennenbach, Ralph"]
[Result "0-1"]
[WhiteElo "2044"]
[BlackElo "2107"]
[PlyCount "94"]
[EventDate "2024.??.??"]

1. c4 e5 2. Nc3 Nf6 3. Nf3 Nc6 4. e4 Bb4 5. d3 d6 6. a3 Bxc3+ 7. bxc3 h6 8. g3 O-O 9. Bg2 Bg4 10. Qc2 Qd7 11. O-O Rae8 12. Ne1 Nh5 13. f3 Bh3 14. g4 Bxg2 15. Nxg2 Nf6 16. Ne3 Nh7 17. Nf5 Ne7 18. Qg2 Kh8 19. Qh3 Qe6 20. Rb1 b6 21. Rb2 Qg6 22. Rg2 Ng5 23. Qg3 Ne6 24. h4 Nc5 25. d4 Nd3 26. Be3 Nxf5 27. exf5 Qf6 28. Rd1 Nf4 29. Bxf4 exf4 30. Qxf4 Qxh4 31. Qd2 Re7 32. Rf1 Rfe8 33. g5 Re1 34. gxh6 gxh6 35. d5 Rxf1+ 36. Kxf1 Qxc4+ 37. Kf2 Qh4+ 38. Kf1 Qh1+ 39. Kf2 Re5 40. f4 Re4 41. c4 Qa1 42. Kg3 Qd4 43. Qc1 h5 44. f6 Qd3+ 45. Kf2 Rxc4 46. Qe1 Rxf4+ 47. Kg1 Qd4+ 0-1